<?xml version="1.0" encoding="UTF-8"?>
<record
    xmlns:xsi="http://www.w3.org/2001/XMLSchema-instance"
    xsi:schemaLocation="http://www.loc.gov/MARC21/slim http://www.loc.gov/standards/marcxml/schema/MARC21slim.xsd"
    xmlns="http://www.loc.gov/MARC21/slim">

  <leader>01678nam a2200241 a 4500</leader>
  <controlfield tag="001">BRCA_8737</controlfield>
  <controlfield tag="005">20190320210402.0</controlfield>
  <controlfield tag="008">220217s1699----sp-#######---#000-0#spa-#</controlfield>
  <datafield tag="041" ind1=" " ind2=" ">
    <subfield code="a">spa</subfield>
  </datafield>
  <datafield tag="044" ind1=" " ind2=" ">
    <subfield code="a">sp</subfield>
  </datafield>
  <datafield tag="084" ind1=" " ind2=" ">
    <subfield code="a">BE95</subfield>
    <subfield code="b">.A58  1699</subfield>
  </datafield>
  <datafield tag="100" ind1="1" ind2=" ">
    <subfield code="a">Anunciaci&#xF3;n, Juan de la</subfield>
    <subfield code="d">1633 - 1701</subfield>
    <subfield code="e">Fray</subfield>
    <subfield code="9">21750</subfield>
  </datafield>
  <datafield tag="245" ind1="1" ind2="0">
    <subfield code="a">Segunda parte del promptuario del Carmen</subfield>
    <subfield code="b">que para los religiosos Carmelitas Descalzos</subfield>
    <subfield code="c">escribe el R. Padre Fray Juan de la Anunciaci&#xF3;n, su general y se la dedica.</subfield>
  </datafield>
  <datafield tag="260" ind1=" " ind2=" ">
    <subfield code="a">Madrid</subfield>
    <subfield code="b">En la Imprenta de los Herederos de Antonio Rom&#xE1;n</subfield>
    <subfield code="c">1699</subfield>
  </datafield>
  <datafield tag="300" ind1=" " ind2=" ">
    <subfield code="a">[14], [16], 231-638 p.</subfield>
    <subfield code="c">21 x 15 cm</subfield>
  </datafield>
  <datafield tag="500" ind1=" " ind2=" ">
    <subfield code="a">Con privilegios</subfield>
  </datafield>
  <datafield tag="500" ind1=" " ind2=" ">
    <subfield code="a">Con marca de fuego: &#x201C;Procedencia de la marca: Convento de Santa Teresa Jes&#xFA;s de Quer&#xE9;taro (1). Instituci&#xF3;n: Orden de Carmelitas Descalzos. Provincia de San Alberto de M&#xE9;xico. Descripci&#xF3;n: Variaci&#xF3;n sobre las armas de la Orden del Monte Carmelo. Un mantel sumado de una cruz patada y cargado de una letra capital Q. Al timbre, corona real abierta. Observaciones: Esta marca conserva tres elementos del escudo carmelita: la cruz, el mantel / monte y la corona de tres florones, simplificaci&#xF3;n de la de 12 estrellas (sentido m&#xED;stico del Apocalipsis) (2) ---------- En 2006 Ferm&#xED;n Campos sugiri&#xF3; que la inicial Q es la sigla de la palabra &#xB4;Quer&#xE9;taro&#xB4;. Ubicaci&#xF3;n de la marca en el libro: Portada&#x201D;</subfield>
  </datafield>
  <datafield tag="500" ind1=" " ind2=" ">
    <subfield code="a">Estado f&#xED;sico: presenta encuadernaci&#xF3;n en pergamino y con cintas</subfield>
  </datafield>
  <datafield tag="650" ind1="1" ind2="4">
    <subfield code="a">Carmelitas</subfield>
    <subfield code="x">Historia</subfield>
    <subfield code="9">21751</subfield>
  </datafield>
  <datafield tag="856" ind1=" " ind2=" ">
    <subfield code="a">http://www.marcasdefuego.buap.mx:8180/xmLibris/projects/firebrand/item.jsp?repository=marcas_de_fuego&amp;key=1cac16ac.xml&amp;num=19</subfield>
  </datafield>
  <datafield tag="902" ind1=" " ind2=" ">
    <subfield code="a">CFM</subfield>
  </datafield>
  <datafield tag="942" ind1=" " ind2=" ">
    <subfield code="2">lcc</subfield>
    <subfield code="c">B</subfield>
  </datafield>
  <datafield tag="999" ind1=" " ind2=" ">
    <subfield code="c">8389</subfield>
    <subfield code="d">8389</subfield>
  </datafield>
  <datafield tag="952" ind1=" " ind2=" ">
    <subfield code="0">0</subfield>
    <subfield code="1">0</subfield>
    <subfield code="4">0</subfield>
    <subfield code="7">0</subfield>
    <subfield code="a">BRCA</subfield>
    <subfield code="b">BRCA</subfield>
    <subfield code="d">2017-02-22</subfield>
    <subfield code="l">0</subfield>
    <subfield code="o">BE95 .A58 1699</subfield>
    <subfield code="p">CFM00074</subfield>
    <subfield code="r">2019-03-22 00:00:00</subfield>
    <subfield code="w">2019-03-22</subfield>
    <subfield code="y">B</subfield>
  </datafield>
</record>
